000 00979pam a2200325 i 4500
999 _c1248
_d1248
001 020149860
003 UkOxU
005 20221227120107.0
008 140312r20141971enk j 000 1 eng d
015 _aGBB446693
_2bnb
020 _a9780141354927 (pbk.) :
035 _a(Uk)016707483
040 _aStDuBDS
_beng
_erda
_cStDuBDS
_dUk
_dKH8
042 _aukblcatcopy
082 0 4 _a813.54
_223
100 1 _aO'Brien, Robert C.,
_eauthor.
245 1 0 _aMrs Frisby and the rats of NIMH /
_cRobert C. O'Brien.
264 1 _aLondon :
_bPuffin,
_c2014.
300 _a277 pages ;
_c20 cm.
336 _atext
_2rdacontent
337 _aunmediated
_2rdamedia
338 _avolume
_2rdacarrier
490 0 _aPuffin modern classics
500 _aOriginally published: New York: Atheneum, 1971.
500 _aFormerly CIP.
_5Uk
650 0 _aRats as laboratory animals
_vJuvenile fiction.
650 0 _aMice
_vJuvenile fiction.
655 0 _aChildren's stories.
942 _2ddc
_cFIC